| 000 | 00740mam a2200193 4500 | ||
|---|---|---|---|
| 082 |
_a940.27 _bNAP |
||
| 100 | 1 |
_aNapier, William Francis Patrick, _950602 |
|
| 245 | 1 | 0 |
_aHistory of the war in the Peninsula, and in the south of France, from the year 1807 to the year 1814. _cBy W. F. P. Napier... |
| 250 | _aSecond edition. | ||
| 260 |
_aLondon, _bT. & W. Boone, _c1886. |
||
| 300 |
_a427 p; _bplans, maps. _c23 cm. |
||
| 500 | _aPublisher's advertisements: v. 1: final [2] p. | ||
| 500 | _av. 1: lxxix, [1], 618, [2] p. | ||
| 526 |
_a0 _b0 _c0 _d940_270000000000000_NAP |
||
| 590 | _aRare Book copy: Signed by James Kent with notes in his hand. | ||
| 650 | 0 |
_aMCE _9379 |
|
| 650 | 0 |
_aPeninsular War, 1807-1814. _949379 |
|
| 942 |
_2ddc _cBK |
||
| 999 |
_c553351 _d553351 |
||